| 000 | 00673nam a22002297a 4500 | ||
|---|---|---|---|
| 003 | OSt | ||
| 005 | 20220107122719.0 | ||
| 008 | 130814b xxu||||| |||| 00| 0 eng d | ||
| 020 | _a9780387758886 | ||
| 040 | _cIIITM-K | ||
| 082 | _a003 MEY/E.9 | ||
| 245 |
_aEncyclopedia of complexity and systems science.Vol.9.: _cedited by Robert A Meyers _bS |
||
| 260 |
_aUSA, _bSpringer, _c2009. |
||
| 300 | _alxxvii, 9126p. | ||
| 650 |
_aCOMPUTER SCIENCE _91509 |
||
| 650 |
_aCOMPUTATIONAL COMPLEXITY _91510 |
||
| 650 |
_aSYSTEMS DYNAMICS _91511 |
||
| 650 |
_aSOFT COMPUTING _92360 |
||
| 650 |
_aINTELLIGENT SYSTEMS _92361 |
||
| 700 |
_aMeyers, Robert A _91514 |
||
| 942 |
_2ddc _cRBK |
||
| 999 |
_c3176 _d3176 |
||